Influence of Protectionism and its Expression in the Economy of the State Výskumná úloha B/VI/132 Stratégia štrukturálnych zmien ekonomiky Slovenska a ich realizácia v rámci spoločnej ekonomiky ČSFR. 2. etapa

Gespeichert in:
Bibliographische Detailangaben
1. Verfasser: Luknič, Arnold Steve
Format: Buch
Sprache:Englisch
Veröffentlicht: Bratislava VÚNH EU 1992
Schlagworte:
Tags: Tag hinzufügen
Keine Tags, Fügen Sie das erste Tag hinzu!

MARC

LEADER 00000nam a2200000 4500
001 c012361
005 20250725074454.6
041 0 |a eng 
044 |a SK 
245 1 0 |a Influence of Protectionism and its Expression in the Economy of the State  |b Výskumná úloha B/VI/132 Stratégia štrukturálnych zmien ekonomiky Slovenska a ich realizácia v rámci spoločnej ekonomiky ČSFR. 2. etapa  |c Arnold Luknic 
264 1 |a Bratislava  |b VÚNH EU  |c 1992 
300 |a 36 s. 
610 2 0 |a protekcionizmus 
610 2 0 |a hospodárstvo národné 
610 2 0 |a zmeny štruktúrne 
610 2 0 |a Slovensko 
610 2 0 |a ČSFR 
100 1 |a Luknič, Arnold Steve